01017nam a2200277Ia 450000100060000000300090000600500170001500800410003202000220007304000280009504100080012308200160013110000300014724501190017726000430029630000180033965000190035770000270037670000220040370000230042570000240044894200120047299900170048495201190050195201190062019554DO-CoUTE20260204212535.0220104s9999 dr 000 0 spa d a978-987-591-732-3 aDO-CoUTEbspacDO-CoUTE0 aspa a361.3 R696p1 aRodríguez, Elsa Marcela10aPlanificación estratégica: fundamentos y herramientas de actuación / Elsa Marcela Rodríguez y otros cuatro aCórdoba, Argentina: Editorial Brujas a229 páginas 4aTrabajo social1 aCamisasso, Mónica B.1 aEula, Mónica L.1 aManiaci, Alejandro1 aTaborda M., Alberto 2ddccBK c20187d20187 00102ddc40708CGaBUbBUd2021-01-02i019402l0o361.3 R696pp019402r2022-03-30 00:00:00tEj.1w2021-01-03yBK 00102ddc40708CGaBUbBUd2021-01-02i019481l0o361.3 R696pp019481r2022-03-30 00:00:00tEj.2w2021-01-03yBK